| 000 | 00611nam a2200229Ia 4500 | ||
|---|---|---|---|
| 003 | OSt | ||
| 005 | 20221007074847.0 | ||
| 006 | a|||||r|||| 00| 0 | ||
| 007 | ta | ||
| 008 | 221006b |||||||| |||| 00| 0 eng d | ||
| 024 | _a12,343 | ||
| 037 | _cTextual | ||
| 040 |
_aFLL _cFLL _beng |
||
| 041 |
_2eng _aeng |
||
| 082 | _aV2:91:N5, J6 | ||
| 100 |
_aRao R. Au. _9693253 |
||
| 245 | 0 | _aJudicial review and elective franchise | |
| 260 |
_aNew Delhi _bAndhra law times ltd. India _c1956 |
||
| 300 |
_a344p _ccm. |
||
| 942 |
_hV2:91:N5, J6 _cTEXL _2CC |
||
| 999 |
_c1153940 _d1153940 |
||